| 000 | 00673nam a2200205Ia 4500 | ||
|---|---|---|---|
| 003 | GCL | ||
| 005 | 20240530103228.0 | ||
| 008 | 140319s9999 xx 000 0 ara d | ||
| 040 |
_aGCL / _cGCL |
||
| 082 | 0 | 4 |
_a125.8 _bف ق |
| 100 | 1 | _aفاروق عبدالفتاح على موسى | |
| 245 | 1 | 0 |
_aالقياس النفسى والتربوى للاسوياء والمتفوقين / _cفاروق عبدالفتاح على موسى |
| 260 |
_a[S.N] : _bمكتبة النهضة المصرية ، _c1990 |
||
| 300 | _a637 ص | ||
| 650 | 0 | 4 | _aعلم النفس |
| 650 | 0 | 4 | _aالقياس |
| 650 | 0 | 4 | _aالاوزان |
| 650 | 0 | 4 | _aقياس الذكاء |
| 942 |
_2ddc _cBK |
||
| 999 |
_c37735 _d37735 |
||